00471 2200205 4500001002100000008004100021035002000062245004300082100002000125250000600145260001900151300001200170084001400182082000800196650001300204990001200217990001200229990001200241990001200253INLIS000000000000672 ind  a0010-0424000648 aBelajar Desain GrafiscSuharno Widi N. aWidi N, Suharno a1 aJakarta :bBSD a102 hlm a600 SUH b a600 aNonfiksi a0721742 a0721743 a0721744 a0721745